=LDR 00000nam 2200000 4500 =001 INLIS000000000038656 =005 20200911100842 =035 ##$$a 0010-061300000038656 =008 200911################g##########0#ind## =041 ##$$a Ind =082 ##$$a 305.443 =090 ##$$a 305.443, Les b =100 ##$$a Lestari SP., Indah =245 1#$$a Bunda tahan banting : $b Tips jadi ibu rumah tanggadan penting dan jago bisnis /$c Indah Lestari SP =260 ##$$a Jakarta :$b Glitzy Book Publishing,$c 2011 =300 ##$$a xiii,123 hlm : $b Ilus. ; $c 20 x 13 cm. =650 #4$$a Wanita Dalam Bisnis =850 ##$$a NBPNMAT =020 ##$$a 978-979-22-6695-5 =084 ##$$a 305.443 LES b =250 ##$$a Cet. 1 =504 ##$$a Bibliografi :hlm.120-121 =520 ##$$a Biografi :hlm.122 =990 ##$$a 21110481 =990 ##$$a 21110479 =990 ##$$a 21110480